|
|
|
|
| LEADER |
00000nam0a2200000 4500 |
| 001 |
28125 |
| 005 |
20231030202702.0 |
| 010 |
|
|
|a 5217020466
|
| 035 |
|
|
|a (RuTPU)RU\TPU\book\28381
|
| 035 |
|
|
|a BOOK00028456
|
| 090 |
|
|
|a 28125
|
| 100 |
|
|
|a 20011209d1993 k y0rusy50 ca
|
| 101 |
0 |
|
|a rus
|
| 102 |
|
|
|a RU
|
| 105 |
|
|
|a a z 000zy
|
| 200 |
1 |
|
|a Надежность и эффективность автоматических установок пожаротушения
|f В. В. Севриков, В. А. Карпенко, И. В. Севриков
|
| 210 |
|
|
|a Москва
|c Машиностроение
|d 1993
|
| 215 |
|
|
|a 103 с.
|c ил.
|
| 225 |
1 |
|
|a Федеральная целевая программа книгоиздания России
|
| 320 |
|
|
|a Библиогр.: с. 100-102.
|
| 610 |
1 |
|
|a пожарное дело
|
| 610 |
1 |
|
|a пожаротушение
|
| 610 |
1 |
|
|a автоматические установки
|
| 610 |
1 |
|
|a надежность
|
| 610 |
1 |
|
|a пожары
|
| 610 |
1 |
|
|a тушение
|
| 675 |
|
|
|a 614.842.6
|v 3
|
| 700 |
|
1 |
|a Севриков
|b В. В.
|g Владимир Васильевич
|
| 701 |
|
1 |
|a Карпенко
|b В. А.
|g Виктор Андреевич
|
| 701 |
|
1 |
|a Севриков
|b И. В.
|g Игорь Владимирович
|
| 801 |
|
0 |
|a RU
|b 63413507
|c 20011209
|g PSBO
|
| 801 |
|
2 |
|a RU
|b 63413507
|c 20081002
|g PSBO
|
| 942 |
|
|
|c BK
|